LEADER 00843nam0-2200277---450- 001 990010102010403321 005 20160915091309.0 010 $a978-88-6310-488-2 035 $a001010201 035 $aFED01001010201 035 $a(Aleph)001010201FED01 035 $a001010201 100 $a20160915d2016----km-y0itay50------ba 101 0 $aita 105 $a--------001yy 200 1 $a<> nuovo regolamento europeo sulla protezione dei dati$eguida pratica alla nuova privacy e ai principali adempimenti del Regolamento UE 2016/679$fAdalberto Biasiotti 210 $aRoma$cEPC$d2016 215 $a925 p.$d20 cm 676 $a342.0858$v23$zita 700 1$aBiasiotti,$bAdalberto 801 0$aIT$bUNINA$gRICA$2UNIMARC 901 $aBK 912 $a990010102010403321 952 $aGRDDAMM33A$b865$fDECBC 959 $aDECBC 997 $aUNINA LEADER 02296nam 2200529 a 450 001 9910465681003321 005 20200520144314.0 010 $a0-87586-800-2 035 $a(CKB)2560000000069184 035 $a(EBL)617410 035 $a(OCoLC)693780232 035 $a(SSID)ssj0000474025 035 $a(PQKBManifestationID)12193615 035 $a(PQKBTitleCode)TC0000474025 035 $a(PQKBWorkID)10448823 035 $a(PQKB)11787400 035 $a(MiAaPQ)EBC617410 035 $a(Au-PeEL)EBL617410 035 $a(CaPaEBR)ebr10476738 035 $a(EXLCZ)992560000000069184 100 $a20100514d2010 uy 0 101 0 $aeng 135 $aur|n|---||||| 181 $ctxt 182 $cc 183 $acr 200 14$aThe turkey and the eagle$b[electronic resource] $ethe struggle for America's global role /$fCaleb Stewart Rossiter 210 $aNew York $cAlgora Pub.$dc2010 215 $a1 online resource (675 p.) 300 $aDescription based upon print version of record. 311 $a0-87586-798-7 320 $aIncludes bibliographical references and index. 327 $apt. 1. Lessons from the past -- pt. 2. Noble distractions -- pt. 3. Reforms and revolutions. 330 $aIn 1784 Benjamin Franklin advocated choosing the industrious, home-loving wild turkey rather than the thieving, wide-ranging bald eagle as the symbol of the United States. Franklin lost that debate, and since then advocates of cooperation as America's global role have been similarly losing their struggle with advocates of U.S. domination. The author recounts that struggle, with particular emphasis on the past 30 years, which he spent working in and around Congress with groups opposed to U.S. support for repressive yet ""friendly"" regimes. He then proposes electoral reforms and a revolution in 607 $aUnited States$xForeign relations$y1945-1989 607 $aUnited States$xForeign relations$y1989- 607 $aUnited States$xForeign relations$xPhilosophy 608 $aElectronic books. 676 $a327.73009/04 700 $aRossiter$b Caleb S$0874455 801 0$bMiAaPQ 801 1$bMiAaPQ 801 2$bMiAaPQ 906 $aBOOK 912 $a9910465681003321 996 $aThe turkey and the eagle$92130536 997 $aUNINA